000 02713nam a2201093 4500
003 PE-LiUPU
005 20250813185709.0
008 180913s2018 mx ||||| |||| 00| 0 spa d
020 _a9789877061307
040 _aMX-MmU
_bspa
_cPE-LiUPU
_dPE-LiUPU
_erda
041 _aspa
082 _221
_a349
_bR116m
100 _aRabinovich-Beerkman, Ricardo D.,
_eautor.
_94190
245 1 0 _aManual de historia del derecho /
_cRicardo D. Rabinovich-Berkman.
264 _aBuenos Aires :
_bAstrea,
_c2016
300 _a491 páginas ;
_c23 centímetros.
504 _aNotas bibliográficas al pie de algunas páginas.
505 _aSobre la historia -- Sobre nuestro concepto del derecho -- Sobre la historia del derecho -- Medio Oriente antiguo -- Grecia antigua -- La Roma antigua -- Historia jurídico-política romana -- El reino de los visigodos y Al-ándalus -- Castilla -- "Libertades" y "Buenas costumbres" -- Humanismo y "Segunda escolástica" -- El derecho indiano -- Racionalismo y derecho -- Constitucionalismo -- Codificación -- Positivismo.
526 _aP202
526 _aP201
526 _aP163
526 _aP162
526 _aP161
526 _aP160
526 _aP148
526 _aP147
526 _aP146
526 _aP145
526 _aP144
526 _aP143
526 _aP142
526 _aP141
526 _aP140
526 _aP139
526 _aP138
526 _aP137
526 _aP136
526 _aP135
526 _aP134
526 _aP133
526 _aP129
526 _aP128
526 _aP127
526 _aP120
526 _aP119
526 _aP118
526 _aP116
526 _aP115
526 _aP114
526 _aP110
526 _aP109
526 _aP108
526 _aP104
526 _aP103
526 _aP102
526 _aP99
526 _aP98
526 _aP97
526 _aP96
526 _aP95
526 _aP93
526 _aP90
526 _aP89
526 _aP88
526 _aP83
526 _aP82
526 _aP62
526 _aP59
526 _aP58
526 _aP57
526 _aP51
526 _aP49
526 _aP48
526 _aP47
526 _aP29
526 _aP24
526 _aP20
526 _aP19
526 _aP17
526 _aP15
526 _aP14
526 _aP12
526 _aP10
526 _aP09
526 _aP08
526 _aP07
526 _aP06
526 _aP05
526 _aP04
526 _aP01
650 1 0 _aDerecho.
_xHistoria y crítica.
_93516
942 _cBK
_n0
_2ddc
999 _c62476
_d62475
980 _618226
_aJaime Vilcazán Jefe de Análisis Documental
_81
_gALBERTO SANCHEZ Responsable de Automatización